000
00323nam a2200133Ia 4500
008
230312s9999||||xx |||||||||||||| ||und||
020
_a
0-88167-543-1
082
_a
616.12
_b
PRE-T
100
_a
Press;Raven
245
0
_a
Testis Comprehensive Endocrinology
300
_a
591
650
_a
Medical
_v
Endocrinology
942
_c
BK
999
_c
4863
_d
4863